Statistics for Fast typing A to Z(With yellow box)

Click here to take the quiz!

General Stats

  • This quiz has been taken 21 times
  • The average score is 25 of 26

Answer Stats

Letter% Correct
A
100%
B
100%
C
100%
D
100%
E
100%
F
100%
G
100%
H
100%
I
100%
J
100%
K
100%
L
100%
M
100%
N
100%
O
100%
P
100%
Q
100%
R
100%
S
100%
T
100%
U
93%
V
93%
W
80%
X
73%
Y
73%
Z
73%

Score Distribution

Percentile by Number Answered

Percent of People with Each Score

Your Score History

You have not taken this quiz